000 00798nam a22002057a 4500
005 20170810144328.0
020 _a9788170949763
_c399.00
035 _aB-666105
037 _adpl
_bPragati/Ven
082 _a336.242
100 _aShanbhag, A.N.
245 _aTaxpayer to taxsaver:
_cby A N. Shanbhag [and] Sandeep Shanbhag
250 _a24th ed
260 _aNew Delhi
_bVision Books
_c2016
270 _a24 Feroze Gandhi Road, Lajpat Nagar-3
_bNew Delhi
_e110024
_k+91-1129840821/22
_l-
_m-
300 _a248p.:
_bill.
_c22cm(pbk)
700 _aShanbhag, Sandeep
942 _2ddc
_cEN
_h336.242
_mSHA
999 _c143232
_d143232